ASEAN and the future of East Asia
Stručný prehľad 40 ročnej skúsenosti ASEANu s náboženstvom. ASEANský štýl náboženstva. Smerom k ASEANskej spoločnosti. Náboženstvo vo východnej Ázii v súčasnosti. ASEAN a širší región. ASEAN a budovanie východoázijskej spoločnosti.
Salvato in:
| Autore principale: | |
|---|---|
| Natura: | Capitolo di libro |
| Lingua: | inglese |
| Soggetti: | |
| Tags: |
Nessun Tag, puoi essere il primo ad aggiungerne!!
|
MARC
| LEADER | 00000naa$a2200000$$$4500 | ||
|---|---|---|---|
| 001 | 0073009 | ||
| 005 | 20231009112036.8 | ||
| 041 | 0 | |a eng | |
| 044 | |a SK | ||
| 245 | 1 | 0 | |a ASEAN and the future of East Asia |c Hadi Soesastro |
| 520 | |a Stručný prehľad 40 ročnej skúsenosti ASEANu s náboženstvom. ASEANský štýl náboženstva. Smerom k ASEANskej spoločnosti. Náboženstvo vo východnej Ázii v súčasnosti. ASEAN a širší región. ASEAN a budovanie východoázijskej spoločnosti. | ||
| 610 | 2 | 0 | |a zoskupenia integračné medzinárodné |
| 610 | 2 | 0 | |a náboženstvo |
| 610 | 2 | 0 | |a história |
| 610 | 2 | 0 | |a spoločnosť |
| 610 | 2 | 0 | |a východná Ázia |
| 610 | 2 | 0 | |a ASEAN |
| 100 | 1 | |a Soesastro, Hadi | |